000
00300nam a22001337a 4500
008
171021b xxu||||| |||| 00| 0 eng d
020
_a
9780231159708
041
_a
eng
080
_a
658
100
_a
54
101
_a
LID
245
_a
THE NEW ECOLOGY OF LEADERSHIP
_c
HURST, D.K
942
_2
udc
_c
BK
999
_c
35312
_d
35312